000 01309nam a2200325 a 4500
001 000038076
003 DO-SdBNP
005 20250320095414.0
008 090703s2000 dr 000 0 spa d
020 _a99993433098
040 _aDO-SdBNP
_bspa
_cBNPHU
082 _a972.9368
_bH557m
100 1 _aHernández, Ricardo,
_d1964-
_91971
245 1 4 _aLos movimientos sociales en el municipio de Cotuí :
_b(1975-1993) /
_cRicardo Hernández ; presentación Daniel Beltré.
260 _aSanto Domingo :
_bComisión Presidencial de Apoyo Desarrollo Provincial,
_c2000.
300 _a235 p. ;
_c21 cm.
490 1 _aProvincias
_v17
500 _aSegundo lugar en el concurso nacional sobre historia y desarrollo de las provincias (Cibao Oriental)
504 _aBibliografía : p. 211-235
590 _aInventariado, 2018/ YL
650 0 _aMovimientos sociales
_zRepública Dominicana
_923226
_2LEMB
650 4 _aCiudades y pueblos
_zRepública Dominicana
_9784
650 4 _aHistoria social
_zRepública Dominicana
_98425
651 0 _aCotuí (República Dominicana)
_98423
651 4 _aCotuí (República Dominicana)
_xVida social y costumbres
_98426
700 1 _aBeltré, Daniel
_epres.
_964469
830 0 _aProvincias
_v17
_945125
910 _aValidado. Control de calidad EMS
942 _2ddc
_cLBS1
999 _c37566
_d37566